| Tag |
First Indicator |
Second Indicator |
Subfields |
| LEADER |
00000cam a2200000 a 4500 |
| 001 |
in00001044821 |
| 005 |
20150929084324.0 |
| 008 |
910913s1991 dcu b 000 0 eng |
| 010 |
|
|
|a 91035950
|
| 020 |
|
|
|a 082131954X
|
| 035 |
|
|
|a (OCoLC)24543633
|
| 035 |
|
|
|9 AFK5506AM
|
| 040 |
|
|
|a DLC
|c DLC
|d TXA
|d UtOrBLW
|
| 043 |
|
|
|a cl-----
|
| 049 |
|
|
|a TXAM
|
| 050 |
0 |
0 |
|a HD7105.45.L29
|b M47 1991
|
| 082 |
0 |
0 |
|a 332.6/7254
|2 20
|
| 100 |
1 |
|
|a Mesa-Lago, Carmelo,
|d 1934-
|
| 245 |
1 |
0 |
|a Portfolio performance of selected social security institutes in Latin America /
|c Carmelo Mesa-Lago.
|
| 264 |
|
1 |
|a Washington, D.C. :
|b World Bank,
|c [1991]
|
| 264 |
|
4 |
|c ©1991
|
| 300 |
|
|
|a xiv, 64 pages ;
|c 28 cm.
|
| 336 |
|
|
|a text
|b txt
|2 rdacontent
|
| 337 |
|
|
|a unmediated
|b n
|2 rdamedia
|
| 338 |
|
|
|a volume
|b nc
|2 rdacarrier
|
| 490 |
1 |
|
|a World Bank discussion papers,
|x 0259-210X ;
|v 139
|
| 504 |
|
|
|a Includes bibliographical references (pages 45-50).
|
| 650 |
|
0 |
|a Pension trusts
|z Latin America
|x Investments
|x Case studies.
|
| 650 |
|
0 |
|a Portfolio management
|z Latin America
|x Case studies.
|
| 650 |
|
0 |
|a Social security
|z Latin America
|x Case studies.
|
| 830 |
|
0 |
|a World Bank discussion papers.
|x 0259-210X ;
|v 139.
|
| 999 |
|
|
|a MARS
|
| 999 |
f |
f |
|s 0b4d1944-6d43-3131-9642-aa6f6a4833f3
|i 440bb9aa-b926-3c22-b65c-c9df8300f208
|t 0
|
| 952 |
f |
f |
|p ric
|a Texas A&M University
|b Rellis Campus
|c Joint Library Facility
|d Remote Storage
|t 0
|e HD7105.45.L29 M47 1991
|h Library of Congress classification
|i unmediated -- volume
|m A14815578659
|
| 998 |
f |
f |
|a HD7105.45.L29 M47 1991
|t 0
|l Remote Storage
|